[Event "Vaujany op 13th"]
[Site "Vaujany"]
[Date "2022.07.18"]
[Round "5"]
[White "Di Nicolantonio, Lucas"]
[Black "Barua, Dibyendu"]
[Result "0-1"]
[WhiteElo "2369"]
[BlackElo "2393"]
[PlyCount "114"]
[EventDate "2022.07.14"]
[EventType "swiss"]
[EventRounds "9"]
[EventCountry "FRA"]
[SourceTitle "EXT 2023"]
[Source "ChessBase"]
[SourceDate "2022.10.05"]
[SourceVersion "1"]
[SourceVersionDate "2022.10.05"]
[SourceQuality "1"]

1. e4 e6 2. d4 d5 3. Nd2 Nf6 4. e5 Nfd7 5. f4 c5 6. c3 Nc6 7. Ndf3 Qb6 8. a3 a5 9. b3 cxd4 10. cxd4 Be7 11. h4 f6 12. Bd3 f5 13. Be3 Bxa3 14. Ne2 Bb4+ 15. Kf2 h5 16. Ng5 Nf8 17. Qb1 Bd7 18. Rc1 Nh7 19. Nf3 0-0 20. Nc3 Bxc3 21. Rxc3 Nb4 22. Be2 Rfc8 23. Rc5 Qd8 24. Qb2 b6 25. Rcc1 Qe8 26. Bd2 Nc6 27. g3 Na7 28. Rxc8 Rxc8 29. b4 a4 30. b5 Bxb5 31. Bxb5 Nxb5 32. Rb1 a3 33. Qb3 Rc4 34. Bb4 Qc6 35. Bxa3 Rc2+ 36. Kg1 Nxa3 37. Qxa3 Rc3 38. Qd6 Qc8 39. Kg2 Nf8 40. Qxb6 Rc2+ 41. Kh3 Rf2 42. Qb3 Qa6 43. Qe3 Qa2 44. Rh1 Qc2 45. Rh2 Rxh2+ 46. Nxh2 Qe4 47. Qc3 Qe2 48. Nf3 Qf1+ 49. Kh2 Qf2+ 50. Kh3 Kh7 51. Ng5+ Kh6 52. Qf3 Qg1 53. Nf7+ Kh7 54. Ng5+ Kg6 55. Nxe6 Nxe6 56. Qxd5 Nxd4 57. Qd6+ Kh7 0-1

[Event "Olomouc GM 22nd"]
[Site "Olomouc"]
[Date "2019.08.17"]
[Round "9"]
[White "Barua, Dibyendu"]
[Black "Arkell, Keith C"]
[Result "1-0"]
[WhiteElo "2379"]
[BlackElo "2445"]
[PlyCount "87"]
[EventDate "2019.08.10"]
[EventType "tourn"]
[EventRounds "9"]
[EventCountry "CZE"]
[EventCategory "6"]
[SourceTitle "CBM 191 Extra"]
[Source "ChessBase"]
[SourceDate "2019.09.30"]
[SourceVersion "1"]
[SourceVersionDate "2019.09.30"]
[SourceQuality "1"]

1. e4 c6 2. d4 d5 3. e5 c5 4. dxc5 Nc6 5. Nf3 Bg4 6. Bb5 Bxf3 7. Qxf3 Qa5+ 8. Nc3 e6 9. Be3 a6 10. Bxc6+ bxc6 11. Qg4 Ne7 12. Qa4 Qc7 13. 0-0 Nf5 14. Bd4 Be7 15. Ne2 0-0 16. c3 Rfb8 17. Qc2 a5 18. Ng3 Nxd4 19. cxd4 Rb4 20. Ne2 Rab8 21. b3 a4 22. Rab1 Qb7 23. f4 axb3 24. axb3 Rxb3 25. Rxb3 Qxb3 26. Qxb3 Rxb3 27. Ra1 f6 28. Ra7 Kf8 29. Rc7 fxe5 30. fxe5 Bg5 31. g3 Be3+ 32. Kg2 Rd3 33. Rxc6 Bxd4 34. Nxd4 Rxd4 35. Rxe6 Re4 36. c6 Kf7 37. Rd6 Rxe5 38. Kf3 Re7 39. g4 Ra7 40. Kf4 Ra4+ 41. Ke5 Rxg4 42. c7 Rc4 43. Rd7+ Kg6 44. Kxd5 1-0

[Event "Olomouc GM 22nd"]
[Site "Olomouc"]
[Date "2019.08.16"]
[Round "8"]
[White "Eggleston, David"]
[Black "Barua, Dibyendu"]
[Result "0-1"]
[WhiteElo "2403"]
[BlackElo "2379"]
[PlyCount "134"]
[EventDate "2019.08.10"]
[EventType "tourn"]
[EventRounds "9"]
[EventCountry "CZE"]
[EventCategory "6"]
[SourceTitle "CBM 191 Extra"]
[Source "ChessBase"]
[SourceDate "2019.09.30"]
[SourceVersion "1"]
[SourceVersionDate "2019.09.30"]
[SourceQuality "1"]

1. e4 e6 2. d4 d5 3. Nc3 Nf6 4. Bg5 Bb4 5. exd5 Qxd5 6. Bxf6 gxf6 7. Nge2 Nc6 8. Qd2 Qa5 9. 0-0-0 Ne7 10. a3 Bd6 11. g3 Bd7 12. Bg2 f5 13. f4 0-0-0 14. Kb1 Qb6 15. Ka1 h5 16. Nc1 h4 17. Qe3 Bc6 18. Bxc6 Qxc6 19. Rhe1 hxg3 20. hxg3 Rh2 21. N1e2 Nd5 22. Nxd5 Qxd5 23. Nc3 Qc4 24. Re2 Rdh8 25. Rxh2 Rxh2 26. Kb1 c6 27. Rg1 Rh3 28. Rd1 Qa6 29. d5 cxd5 30. Nxd5 Qc6 31. Nb4 Qc5 32. Qd2 Kc7 33. Qg2 Rh8 34. Rd3 Qb5 35. Rb3 Bxb4 36. Rxb4 Qc6 37. Qe2 Qd5 38. c4 Qe4+ 39. Qxe4 fxe4 40. Rb5 f6 41. Rb3 Rh2 42. Kc1 Rf2 43. Kd1 Kc6 44. Re3 f5 45. b4 Kd6 46. Rc3 a6 47. Ke1 Rh2 48. Kf1 e5 49. Kg1 Rd2 50. c5+ Kd5 51. fxe5 Kxe5 52. c6 bxc6 53. Rxc6 e3 54. Kf1 Ke4 55. Rc5 Ra2 56. b5 axb5 57. Rxb5 Rxa3 58. Ke1 Ra1+ 59. Ke2 Ra2+ 60. Ke1 f4 61. Rb4+ Kd3 62. Rb3+ Kc4 63. Rb8 f3 64. Rc8+ Kb5 65. Rb8+ Kc6 66. Rc8+ Kd7 67. Rc1 Rh2 0-1

[Event "Olomouc GM 22nd"]
[Site "Olomouc"]
[Date "2019.08.10"]
[Round "1"]
[White "Barua, Dibyendu"]
[Black "Koustav, Chatterjee"]
[Result "1/2-1/2"]
[WhiteElo "2379"]
[BlackElo "2429"]
[PlyCount "27"]
[EventDate "2019.08.10"]
[EventType "tourn"]
[EventRounds "9"]
[EventCountry "CZE"]
[EventCategory "6"]
[SourceTitle "CBM 191 Extra"]
[Source "ChessBase"]
[SourceDate "2019.09.30"]
[SourceVersion "1"]
[SourceVersionDate "2019.09.30"]
[SourceQuality "1"]

1. e4 c5 2. Nf3 Nc6 3. d4 cxd4 4. Nxd4 Nf6 5. Nc3 e5 6. Ndb5 d6 7. Bg5 a6 8. Na3 b5 9. Nd5 Be7 10. Bxf6 Bxf6 11. c3 0-0 12. Nc2 Bg5 13. Nce3 Be6 14. Be2 1/2-1/2

[Event "Prague Summer op-A 6th"]
[Site "Prague"]
[Date "2019.08.07"]
[Round "7"]
[White "Sorm, Daniel"]
[Black "Barua, Dibyendu"]
[Result "0-1"]
[WhiteElo "2282"]
[BlackElo "2379"]
[PlyCount "126"]
[EventDate "2019.08.02"]
[EventType "swiss"]
[EventRounds "9"]
[EventCountry "CZE"]
[SourceTitle "CBM 191 Extra"]
[Source "ChessBase"]
[SourceDate "2019.09.30"]
[SourceVersion "1"]
[SourceVersionDate "2019.09.30"]
[SourceQuality "1"]

1. d4 d5 2. c4 e6 3. Nc3 Be7 4. e3 Nf6 5. cxd5 exd5 6. Bd3 0-0 7. Nge2 Re8 8. 0-0 Nbd7 9. Bd2 Nf8 10. a3 c6 11. b4 a6 12. f3 Ne6 13. Qe1 a5 14. Rb1 axb4 15. axb4 Bd6 16. Qf2 Qe7 17. Ng3 Nf8 18. e4 dxe4 19. fxe4 Ng4 20. Qf3 Qh4 21. h3 Qxg3 22. Qxg3 Bxg3 23. hxg4 Bxg4 24. Bf4 Ra3 25. Rbc1 Bxf4 26. Rxf4 Bh5 27. Bc4 Ne6 28. Rf5 Bg6 29. Bxe6 fxe6 30. Rc5 Rd8 31. d5 exd5 32. exd5 Be8 33. b5 Ra5 34. Ne4 cxd5 35. Ng5 h6 36. Ne6 Rd6 37. Nd4 Bd7 38. Re1 Ra4 39. Rd1 Rc4 40. Nf5 Rxc5 41. Nxd6 b6 42. Ra1 Bxb5 43. Ra8+ Kh7 44. Rb8 d4 45. Rxb6 Bc6 46. Rb2 Rd5 47. Nc4 d3 48. Rd2 Bb5 49. Ne3 Re5 50. Kf2 h5 51. Kf3 g6 52. Kf4 Re6 53. Rb2 Bc6 54. Rb4 g5+ 55. Kxg5 Rxe3 56. Rd4 Bxg2 57. Kxh5 Be4 58. Kg5 Re2 59. Rd7+ Kg8 60. Kf6 d2 61. Rd8+ Kh7 62. Rd7+ Kh6 63. Rd4 Rf2+ 0-1

[Event "Prague Summer op-A 6th"]
[Site "Prague"]
[Date "2019.08.06"]
[Round "6"]
[White "Barua, Dibyendu"]
[Black "Ahn, Hongjin"]
[Result "1-0"]
[WhiteElo "2379"]
[BlackElo "2238"]
[PlyCount "85"]
[EventDate "2019.08.02"]
[EventType "swiss"]
[EventRounds "9"]
[EventCountry "CZE"]
[SourceTitle "CBM 191 Extra"]
[Source "ChessBase"]
[SourceDate "2019.09.30"]
[SourceVersion "1"]
[SourceVersionDate "2019.09.30"]
[SourceQuality "1"]

1. e4 c5 2. Nf3 d6 3. d4 cxd4 4. Nxd4 Nf6 5. Nc3 Nc6 6. Be2 e5 7. Nf3 h6 8. h3 Be7 9. 0-0 0-0 10. Re1 Be6 11. Bf1 Qa5 12. Bd2 Qd8 13. Bc1 Qa5 14. Nd2 a6 15. Nc4 Qc7 16. Ne3 Nd4 17. Bd3 Qc8 18. Kh2 Bd8 19. Ncd5 Bd7 20. Nxf6+ Bxf6 21. c3 Nc6 22. Nd5 Bd8 23. Qh5 Be8 24. Qe2 b5 25. a4 Rb8 26. axb5 axb5 27. Bd2 Ne7 28. f4 Bc6 29. Nb4 Ng6 30. g3 Re8 31. f5 Nf8 32. Ra6 Bd7 33. Qg4 Kh7 34. Qh5 f6 35. Bc2 Re7 36. Bb3 Be8 37. Qg4 Nd7 38. Rc6 Qb7 39. Bxh6 Nc5 40. Bd5 Kxh6 41. Qh4+ Bh5 42. g4 g6 43. fxg6 1-0

[Event "Prague Summer op-A 6th"]
[Site "Prague"]
[Date "2019.08.04"]
[Round "4"]
[White "Barua, Dibyendu"]
[Black "Soural, Jan"]
[Result "1-0"]
[WhiteElo "2379"]
[BlackElo "2206"]
[PlyCount "109"]
[EventDate "2019.08.02"]
[EventType "swiss"]
[EventRounds "9"]
[EventCountry "CZE"]
[SourceTitle "CBM 191 Extra"]
[Source "ChessBase"]
[SourceDate "2019.09.30"]
[SourceVersion "1"]
[SourceVersionDate "2019.09.30"]
[SourceQuality "1"]

1. e4 c5 2. Nf3 Nc6 3. d4 cxd4 4. Nxd4 g6 5. c4 Bg7 6. Be3 Nf6 7. Nc3 d6 8. Be2 0-0 9. 0-0 Bd7 10. Rc1 Nxd4 11. Bxd4 Bc6 12. f3 a5 13. b3 Nd7 14. Be3 Nc5 15. Qd2 Qb6 16. Nb5 Rfc8 17. Rfd1 Qd8 18. Nd4 h5 19. Bf1 Kh7 20. g3 Qf8 21. Bg2 Bh6 22. Nxc6 Bxe3+ 23. Qxe3 Rxc6 24. f4 e5 25. Rd5 Rd8 26. f5 Qh6 27. Kf2 Qxe3+ 28. Kxe3 Ra8 29. Rcd1 Raa6 30. Bf1 Rab6 31. Rb1 Rb4 32. Bd3 a4 33. Bc2 axb3 34. axb3 Rcb6 35. Kd2 Kg7 36. Kc3 Na4+ 37. bxa4 Rxb1 38. Bxb1 Rxb1 39. fxg6 Kxg6 40. Rxd6+ f6 41. a5 Kg5 42. Rb6 Ra1 43. Kb4 Rb1+ 44. Kc5 Ra1 45. Rb5 Ra4 46. Kd5 Kg4 47. Rxb7 Rxa5+ 48. c5 Ra2 49. Rb3 Rc2 50. h4 f5 51. exf5 Kxf5 52. Rf3+ Kg4 53. Re3 e4 54. Rxe4+ Kxg3 55. c6 1-0

[Event "Pardubice Czech op-A 30th"]
[Site "Pardubice"]
[Date "2019.07.26"]
[Round "8"]
[White "Barua, Dibyendu"]
[Black "Meleshko, Vladimir"]
[Result "1/2-1/2"]
[WhiteElo "2393"]
[BlackElo "2270"]
[PlyCount "78"]
[EventDate "2019.07.19"]
[EventType "swiss"]
[EventRounds "9"]
[EventCountry "CZE"]
[SourceTitle "CBM 191"]
[Source "ChessBase"]
[SourceDate "2019.08.31"]
[SourceVersion "1"]
[SourceVersionDate "2019.08.31"]
[SourceQuality "1"]

1. e4 c5 2. Nf3 a6 3. d4 cxd4 4. Nxd4 Nf6 5. Nc3 e5 6. Nf3 Bb4 7. Bd2 d6 8. Bd3 Bg4 9. a3 Bxc3 10. Bxc3 0-0 11. 0-0 Nbd7 12. Re1 Re8 13. h3 Bh5 14. g4 Bg6 15. Nd2 Nc5 16. Qf3 Qc7 17. Bb4 Red8 18. c4 Nxd3 19. Qxd3 d5 20. cxd5 Nxd5 21. Qc4 Qxc4 22. Nxc4 Nxb4 23. axb4 Rd4 24. Nxe5 Bxe4 25. f3 Bc2 26. Rac1 Bb3 27. b5 axb5 28. Rc7 Bd5 29. Rd7 f6 30. Nf7 Rd3 31. Nd8 h5 32. Re8+ Kh7 33. Ree7 Rd2 34. Rxg7+ Kh8 35. Rh7+ Kg8 36. Rhg7+ Kf8 37. Rgf7+ Kg8 38. Rg7+ Kf8 39. Rgf7+ Kg8 1/2-1/2

[Event "Pardubice Czech op-A 30th"]
[Site "Pardubice"]
[Date "2019.07.22"]
[Round "4"]
[White "Barua, Dibyendu"]
[Black "Mladek, Richard"]
[Result "1-0"]
[WhiteElo "2393"]
[BlackElo "2253"]
[PlyCount "100"]
[EventDate "2019.07.19"]
[EventType "swiss"]
[EventRounds "9"]
[EventCountry "CZE"]
[SourceTitle "CBM 191"]
[Source "ChessBase"]
[SourceDate "2019.08.31"]
[SourceVersion "1"]
[SourceVersionDate "2019.08.31"]
[SourceQuality "1"]

1. e4 c5 2. Nf3 d6 3. d4 cxd4 4. Nxd4 Nf6 5. Nc3 a6 6. h3 e5 7. Nde2 h5 8. g3 Be6 9. Bg2 Nbd7 10. a4 Rc8 11. b3 h4 12. g4 Be7 13. Be3 Nh7 14. a5 0-0 15. 0-0 Re8 16. Qd2 Nc5 17. Rfd1 Nf8 18. Na4 Nxa4 19. Rxa4 Qc7 20. Ra2 Bd7 21. Bg5 Bc6 22. c4 Ne6 23. Bxe7 Rxe7 24. Qe3 Rd7 25. Nc3 Rdd8 26. b4 Nf4 27. Bf1 f5 28. exf5 d5 29. cxd5 Bxd5 30. Nxd5 Nxd5 31. Qb3 Qc3 32. Qxc3 Nxc3 33. Rxd8+ Rxd8 34. Rc2 Ne4 35. Bg2 Rd1+ 36. Kh2 Re1 37. Bf3 Ng5 38. Bxb7 e4 39. Kg2 Rb1 40. Rc4 e3 41. fxe3 Rb2+ 42. Kf1 Nxh3 43. Bxa6 Rb1+ 44. Kg2 Ng5 45. Bb7 Rb2+ 46. Kf1 h3 47. a6 Rb1+ 48. Kf2 h2 49. a7 Nh3+ 50. Kg3 h1N+ 1-0

[Event "Bangkok Cha Am op 19th"]
[Site "Bangkok"]
[Date "2019.04.07"]
[Round "2"]
[White "Tuorila, Kai"]
[Black "Barua, Dibyendu"]
[Result "1/2-1/2"]
[WhiteElo "1927"]
[BlackElo "2409"]
[PlyCount "139"]
[EventDate "2019.04.06"]
[EventType "swiss"]
[EventRounds "9"]
[EventCountry "THA"]
[SourceTitle "CBM 189 Extra"]
[Source "ChessBase"]
[SourceDate "2019.05.31"]
[SourceVersion "1"]
[SourceVersionDate "2019.05.31"]
[SourceQuality "1"]

1. d4 d5 2. Bg5 c6 3. e3 Qb6 4. Qc1 Bf5 5. a3 Nd7 6. c4 dxc4 7. Nd2 Bd3 8. Ngf3 Bxf1 9. Kxf1 h6 10. Bh4 Ngf6 11. Bxf6 exf6 12. g3 Be7 13. Kg2 0-0 14. Nxc4 Qb5 15. Re1 f5 16. Nce5 Nxe5 17. Nxe5 Qd5+ 18. Kg1 Bf6 19. Qc4 Rfd8 20. Qxd5 Rxd5 21. Nd3 Be7 22. Rac1 Rb5 23. Re2 Rd8 24. Rc4 Kf8 25. Kf1 Bd6 26. Rec2 Re8 27. Nc5 Bxc5 28. Rxc5 Rxc5 29. Rxc5 g6 30. b4 Ke7 31. Ke2 Kd6 32. Kd3 b6 33. Rc3 Ra8 34. Rb3 b5 35. f3 a5 36. bxa5 Rxa5 37. e4 fxe4+ 38. fxe4 f6 39. h4 h5 40. Rc3 Ra8 41. Ke3 Ra7 42. Ke2 Re7 43. Ke3 Re8 44. Rc5 Rg8 45. Kf4 Ra8 46. Rc3 Ra4 47. Ke3 Kc7 48. Kd3 g5 49. Ke3 Ra8 50. Kf3 Ra4 51. Ke3 Kd6 52. Kd3 Kd7 53. Ke3 Ra7 54. Kf3 Ra5 55. Ke3 Kd6 56. Kd3 Ra8 57. Ke3 gxh4 58. gxh4 Rg8 59. Kf4 Rg4+ 60. Kf5 Rxh4 61. e5+ fxe5 62. dxe5+ Kd7 63. e6+ Ke7 64. Rxc6 Rc4 65. Rb6 Rc5+ 66. Kf4 Kf6 67. Kg3 Re5 68. Kh4 Kg6 69. e7+ Kf7 70. Rb7 1/2-1/2

[Event "Bangkok Cha Am op 19th"]
[Site "Bangkok"]
[Date "2019.04.06"]
[Round "1"]
[White "Barua, Dibyendu"]
[Black "Hng, Mei Xian Eunice"]
[Result "1-0"]
[WhiteElo "2409"]
[BlackElo "1780"]
[PlyCount "57"]
[EventDate "2019.04.06"]
[EventType "swiss"]
[EventRounds "9"]
[EventCountry "THA"]
[SourceTitle "CBM 189 Extra"]
[Source "ChessBase"]
[SourceDate "2019.05.31"]
[SourceVersion "1"]
[SourceVersionDate "2019.05.31"]
[SourceQuality "1"]

1. e4 c5 2. Nf3 e6 3. d4 cxd4 4. Nxd4 a6 5. Bd3 Bc5 6. Nb3 Ba7 7. Qe2 d6 8. Be3 Nc6 9. a4 Bxe3 10. Qxe3 b6 11. N1d2 Nf6 12. Nc4 Rb8 13. Qg3 e5 14. Qxg7 Rg8 15. Qh6 Rg6 16. Qd2 Rxg2 17. Ne3 Rg8 18. 0-0-0 Ne7 19. Rhg1 Rg6 20. f3 b5 21. axb5 axb5 22. Rxg6 Nxg6 23. Bf1 Ke7 24. Na5 Qc7 25. Qb4 Bd7 26. Rxd6 Qxd6 27. Nc6+ Ke6 28. Bh3+ Ng4 29. Bxg4+ 1-0

[Event "Chittagong op"]
[Site "Chittagong"]
[Date "2018.09.02"]
[Round "1"]
[White "Barua, Dibyendu"]
[Black "Subrota, Biswas"]
[Result "1-0"]
[WhiteElo "2443"]
[BlackElo "2168"]
[PlyCount "69"]
[EventDate "2018.09.02"]
[EventType "swiss"]
[EventRounds "10"]
[EventCountry "BAN"]
[SourceTitle "CBM 186 Extra"]
[Source "ChessBase"]
[SourceDate "2018.08.24"]
[SourceVersion "1"]
[SourceVersionDate "2018.08.24"]
[SourceQuality "1"]

1. e4 c6 2. d4 d5 3. exd5 cxd5 4. c4 Nc6 5. Nc3 Nf6 6. Bg5 dxc4 7. d5 Ne5 8. Qd4 Ned7 9. Bxc4 g6 10. Nf3 Bg7 11. 0-0 0-0 12. Qh4 a6 13. a3 b5 14. Ba2 Bb7 15. Rad1 Rc8 16. Rfe1 Re8 17. h3 Qb6 18. Be3 Qd8 19. Ng5 Qa5 20. d6 e6 21. Bd4 h6 22. Nxe6 fxe6 23. Rxe6 Rxe6 24. Bxe6+ Kh7 25. Bxd7 Rf8 26. Be6 g5 27. Qg3 b4 28. axb4 Qxb4 29. d7 Rd8 30. Qd3+ Kh8 31. Qg6 Qe7 32. Bf5 Kg8 33. Bb6 Rxd7 34. Bxd7 Nxd7 35. Bd4 1-0

[Event "Mumbai Wealth op 3rd"]
[Site "Mumbai"]
[Date "2017.12.30"]
[Round "1"]
[White "Surendran, N."]
[Black "Barua, Dibyendu"]
[Result "1/2-1/2"]
[WhiteElo "2102"]
[BlackElo "2448"]
[PlyCount "69"]
[EventDate "2017.12.30"]
[EventType "swiss"]
[EventRounds "9"]
[EventCountry "IND"]
[SourceTitle "CBM 182 Extra"]
[Source "ChessBase"]
[SourceDate "2018.02.23"]
[SourceVersion "1"]
[SourceVersionDate "2018.02.23"]
[SourceQuality "1"]

1. d4 Nf6 2. Nf3 d5 3. c4 e6 4. Nc3 c6 5. e3 a6 6. Qc2 Be7 7. b3 dxc4 8. Bxc4 c5 9. dxc5 Bxc5 10. 0-0 0-0 11. Bb2 Be7 12. Rac1 Nc6 13. Rfd1 Qa5 14. a3 Bd7 15. b4 Qh5 16. Ne4 Rfd8 17. Be2 Nxe4 18. Qxe4 Qg6 19. Qxg6 hxg6 20. Nd2 Be8 21. Bf3 Rac8 22. Nb3 Rxd1+ 23. Bxd1 Rd8 24. h3 f6 25. Bf3 Rd3 26. Nd4 Nxd4 27. Bxd4 Rxa3 28. Rc8 Kf7 29. Rc7 Kf8 30. Rxb7 Bb5 31. Rb8+ Kf7 32. Rb7 Kf8 33. Rb8+ Kf7 34. Rb7 Kf8 35. Rb8+ 1/2-1/2

[Event "Commonwealth-ch"]
[Site "Glasgow"]
[Date "2014.07.04"]
[Round "5"]
[White "Barua, Dibyendu"]
[Black "Bhakti, Kulkarni"]
[Result "1-0"]
[WhiteElo "2452"]
[BlackElo "2231"]
[PlyCount "79"]
[EventDate "2014.06.30"]
[EventType "swiss"]
[EventRounds "9"]
[EventCountry "SCO"]
[SourceTitle "CBM 161 Extra"]
[Source "ChessBase"]
[SourceDate "2014.08.29"]
[SourceVersion "1"]
[SourceVersionDate "2014.08.29"]
[SourceQuality "1"]

1. e4 e5 2. Bc4 Nf6 3. d3 Be7 4. Nf3 c6 5. 0-0 Qc7 6. Re1 0-0 7. Bb3 d6 8. c3 h6 9. Nbd2 Nbd7 10. Nf1 Re8 11. d4 b6 12. Ng3 Bb7 13. Nh4 exd4 14. cxd4 c5 15. Nhf5 Bf8 16. d5 Ba6 17. Bc2 Ne5 18. a4 Rab8 19. f4 Ned7 20. Bd2 g6 21. Ne3 Bg7 22. Bc3 c4 23. h3 h5 24. Qf3 Bb7 25. Rad1 a6 26. e5 dxe5 27. f5 Nf8 28. Ne4 Nxe4 29. Bxe4 Qc5 30. Kh1 b5 31. axb5 axb5 32. Nc2 Qd6 33. Nb4 Ra8 34. Nc6 Ra4 35. fxg6 fxg6 36. Rf1 Bxc6 37. Qf7+ Kh8 38. dxc6 Qe7 39. c7 Qxf7 40. Rxf7 1-0

[Event "Commonwealth & RSA op"]
[Site "Port Elizabeth"]
[Date "2013.07.09"]
[Round "5"]
[White "Tkachiev, Vladislav"]
[Black "Barua, Dibyendu"]
[Result "1/2-1/2"]
[WhiteElo "2649"]
[BlackElo "2431"]
[PlyCount "49"]
[EventDate "2013.07.06"]
[EventType "swiss"]
[EventRounds "11"]
[EventCountry "RSA"]
[SourceTitle "CBM 155 Extra"]
[Source "ChessBase"]
[SourceDate "2013.08.26"]
[SourceVersion "1"]
[SourceVersionDate "2013.08.26"]
[SourceQuality "1"]

1. Nf3 d5 2. g3 Nf6 3. Bg2 c6 4. 0-0 Bf5 5. c4 e6 6. cxd5 cxd5 7. d3 Be7 8. Qb3 Qb6 9. Qc2 0-0 10. Nc3 h6 11. e4 Bh7 12. Be3 Qa5 13. a3 Nbd7 14. b4 Qd8 15. Rfd1 a5 16. Rab1 Bd6 17. exd5 Nxd5 18. Nxd5 exd5 19. Qb3 Nf6 20. Bd4 Re8 21. Re1 Bc7 22. Qb2 Bb6 23. Bxf6 Qxf6 24. Qxf6 gxf6 25. Bf1 1/2-1/2

[Event "Seville op 38th"]
[Site "Seville"]
[Date "2013.01.12"]
[Round "2"]
[White "Barua, Dibyendu"]
[Black "Silva Lucena, Cristian"]
[Result "1-0"]
[WhiteElo "2413"]
[BlackElo "2006"]
[PlyCount "101"]
[EventDate "2013.01.11"]
[EventType "swiss"]
[EventRounds "9"]
[EventCountry "ESP"]
[SourceTitle "CBM 152 Extra"]
[Source "ChessBase"]
[SourceDate "2013.02.25"]
[SourceVersion "1"]
[SourceVersionDate "2013.02.25"]
[SourceQuality "1"]

1. e4 c5 2. Nf3 d6 3. Be2 Nf6 4. c3 Nbd7 5. d3 b6 6. 0-0 Bb7 7. Nbd2 g6 8. Re1 Bg7 9. Bf1 0-0 10. a4 a6 11. d4 e6 12. Bd3 cxd4 13. cxd4 Rc8 14. b3 Rc3 15. Bb1 Qb8 16. Bb2 Rcc8 17. Nf1 Rfd8 18. Ng3 Qa8 19. h4 h5 20. Ng5 Nf8 21. Qe2 N6h7 22. f4 Nxg5 23. fxg5 e5 24. d5 Rc7 25. Nf1 Bc8 26. Ne3 Qb7 27. Nc4 b5 28. axb5 axb5 29. Na5 Qb6+ 30. Qf2 Qxf2+ 31. Kxf2 Bd7 32. Ba3 Be8 33. Bd3 Rc3 34. Ke2 f6 35. Bb4 Rc7 36. Rec1 Ra7 37. Bd2 Rda8 38. b4 f5 39. Be3 fxe4 40. Bxe4 Ra6 41. Rc7 Bd7 42. Rac1 Rxa5 43. bxa5 Rxa5 44. Ra7 Ra4 45. Kd3 Kf7 46. Rcc7 Ke7 47. Rxa4 bxa4 48. Ra7 Kd8 49. Kc4 Kc8 50. Kb4 Bh8 51. Ra8+ 1-0